| 000 | 01033cab a2200241 4500 | ||
|---|---|---|---|
| 001 | X3300 | ||
| 008 | 090401t1996 xxu||||| |||| 00| 0 eng d | ||
| 035 | _a(Sirsi) u29667 | ||
| 041 | _aeng | ||
| 245 | _aGreat Yarmouth BC v Willament and others | ||
| 260 | _c1996 | ||
| 350 | _a0 | ||
| 490 |
_aPlanning Appeal Decisions _v[1996] 11 PAD 196-201(6) |
||
| 520 | _aDecision letter 27 October 1995. Appeal allowed. Council`s certificate of appropriate alternative development cancelled and a new certificate issued allowing upto four single-storey houses. The land had been required for the construction of the Gorleston by-pass. | ||
| 650 | _aCERTIFICATE OF APPROPRIATE ALTERNATIVE DEVELOPMENT | ||
| 650 | _aGREAT YARMOUTH BC V WILLAMENT AND OTHERS | ||
| 650 | _aHOUSING DEVELOPMENT | ||
| 650 | _aLAND COMPENSATION ACT 1961 | ||
| 690 | _aENVIRONMENTAL AND LAND CONSULTANCY-PLANNING AND DEVELOPMENT-COMPULSORY PURCHASE AND COMPENSATION | ||
| 690 | _aPLANNING LAW AND PRACTICE-CASE LAW | ||
| 942 | _n0 | ||
| 948 | _c04/03/1997 | ||
| 999 |
_c19958 _d19958 |
||